000 01191cam a22002771 4500
001 7020475
005 20050812181758.0
008 720310s1960 nyu | 00| 0 eng
010 _a 60006004
035 _a(OCoLC)261194
040 _aDLC
_cOYU
_dOCoLC
_dDLC
042 _apremarc
050 0 0 _aDK274
_b.K483
082 _a327.47
_220
_bKHR
100 1 _aKhrushchev, Nikita Sergeevich,
_d1894-1971.
_910896
245 1 0 _aFor victory in peaceful competition with capitalism:
_bWith a special introduction written for the American ed. /
_cNikita S. Khrushchev.
260 _aNew York:
_bDutton,
_cc.1960.
300 _axxxi, 784 p.
_c21 cm.
500 _a"A collection of speeches and statements made in the course of 1958 on various questions relating to the international situation and foreign policy of the Soviet Union."
500 _aDonations.
500 _aDonated By: Alaa Abdel Ghaney.
650 _910895
_aSoviet Union --Relations --Foreign countries.
651 0 _aSoviet Union
_xRelations
_zForeign countries.
_910897
942 _2ddc
_cBB
999 _c13263
_d13263